Utwory Olgi Tokarczuk - nagła śmierć - Statystyki

Ogólne statystyki
  • Ten quiz został rozwiązany 104 razy
  • Średni wynik to 5 z 8
Answers on the Grid
Answers color-coded by a green-red scale on the quiz's grid according to % correct below.
,,Księgi Jakubowe"
,,Podróż ludzi księgi"
,,E.E"
,,Prawiek i inne czasy"
,,Bieguni"
,,Empuzjon"
,,Anna In w grobowcach świata"
,,Dom dzienny, dom nocny"
,,Nad Niemnem"
,,Zniewolony umysł"
,,Solaris"
,,Emancypantki"
,,Katarynka"
,,W zimowy poranek"
,,Grażyna"
 
Statystyki odpowiedzi
Odpowiedź % Poprawnych
,,Księgi Jakubowe"
87%
,,Bieguni"
77%
,,Dom dzienny, dom nocny"
69%
,,Prawiek i inne czasy"
69%
,,Empuzjon"
64%
,,Podróż ludzi księgi"
61%
,,Anna In w grobowcach świata"
55%
,,E.E"
52%
Nie znaleziono quizów pasujących do podanych kryteriów
Rozkład punktacji
Procent ludzi z każdym wynikiem
Percentyl według liczby udzielonych odpowiedzi
Twoja historia wyników
Nie rozwiązałeś tego quizu